000 00684cab a2200241 4500
001 ABS51402
008 090401t1994 xxu||||| |||| 00| 0 eng d
035 _a(Sirsi) u24995
041 _aeng
100 _aWhitehead, C.
245 _aPlugging the leaks in the public sector
260 _c1994
350 _a0
490 _aInside Housing
_v23 September 1994, 12-13(2)
520 _aLooks at the role government is hoping the private rented sector will play in the provision of social housing.
650 _aHOMELESS
650 _aMARKET RENTS
650 _aPRIVATE RENTED SECTOR
650 _aSOCIAL HOUSING
690 _aHOUSING
942 _n0
948 _c04/03/1997
999 _c16763
_d16763